Southville International School and Colleges
Your cart is empty.
  • Cart
  • Lists
    Public lists Eva Luna New books Lux_list list_1
    Your lists Log in to create your own lists
  • Log in to your account
  • Your cookies
  • Search history
Southville International School and Colleges
  • Advanced search
  • Recent comments
  • Most popular
  • Libraries

Log in to your account

Log in with GOOGLE


If you do not have an external account, but do have a local account, you can still log in:

  1. Home
  2. MARC view: School management system project plan for south mansfield college
Normal view MARC view ISBD view

School management system project plan for south mansfield college (Record no. 367378)

[ view plain ]
MARC details
000 -LEADER
fixed length control field 00773nam a22001937a 4500
003 - CONTROL NUMBER IDENTIFIER
control field 0
005 - DATE AND TIME OF LATEST TRANSACTION
control field 20250405132757.0
008 - FIXED-LENGTH DATA ELEMENTS--GENERAL INFORMATION
fixed length control field 250405b xxu||||| |||| 00| 0 eng d
050 ## - LIBRARY OF CONGRESS CALL NUMBER
Classification number LB 2911
Item number .C86 2019
100 ## - MAIN ENTRY--PERSONAL NAME
Personal name Cuneta, Raymond P.
245 ## - TITLE STATEMENT
Title School management system project plan for south mansfield college
Statement of responsibility, etc Cuneta, Raymond P.
260 ## - PUBLICATION, DISTRIBUTION, ETC. (IMPRINT)
Place of publication, distribution, etc Las Pinas City
Name of publisher, distributor, etc Southville International School and Colleges
Date of publication, distribution, etc 2019
300 ## - PHYSICAL DESCRIPTION
Extent ix, 63 pages:
Other physical details colored illustration and pictures;
Dimensions 28cm.
500 ## - GENERAL NOTE
General note Master in Information Technology.
504 ## - BIBLIOGRAPHY, ETC. NOTE
Bibliography, etc Includes bibliographical references and appendices.
650 ## - SUBJECT ADDED ENTRY--TOPICAL TERM
Topical term or geographic name as entry element School management and organization -- School management and organization.
650 ## - SUBJECT ADDED ENTRY--TOPICAL TERM
Topical term or geographic name as entry element South Mansfield College—Administration.
942 ## - ADDED ENTRY ELEMENTS (KOHA)
Source of classification or shelving scheme Library of Congress Classification
Koha item type Books

No items available.

School management system project plan for south mansfield college

APA

Cuneta R. P., . (2019). School management system project plan for south mansfield college. Las Pinas City: Southville International School and Colleges.

Chicago

Cuneta Raymond P, . 2019. School management system project plan for south mansfield college. Las Pinas City: Southville International School and Colleges.

Harvard

Cuneta R. P., . (2019). School management system project plan for south mansfield college. Las Pinas City: Southville International School and Colleges.

MLA

Cuneta Raymond P, . School management system project plan for south mansfield college. Las Pinas City: Southville International School and Colleges. 2019.

  • Print
  • Cite
  • Add to your cart (remove)
  • Save record
    BIBTEX Dublin Core MARCXML MARC (non-Unicode/MARC-8) MARC (Unicode/UTF-8) MARC (Unicode/UTF-8, Standard) MODS (XML) RIS
  • More searches
    Search for this title in:
    Other Libraries (WorldCat) Other Databases (Google Scholar) Online Stores (Bookfinder.com) Open Library (openlibrary.org)

Exporting to Dublin Core...

SOUTHVILLE LIBRARY

Southville International School and Colleges Library

1281 Tropical Ave. Cor. Luxembourg St., BF Homes International, Las Pinas City

Tel. No. 8256374 / 252358 Loc. 117/146

Powered by Koha